Longest Rivers in Alabama - Statistics

General Stats
  • This quiz has been taken 25 times
  • The average score is 5 of 10
Answer Stats
Length (Miles) River % Correct
652 Tennessee River
84%
318 Alabama River
74%
280 Coosa River
68%
178 Black Warrior River
63%
200 Tombigbee River
63%
265 Tallapoosa River
47%
430 Chattahoochee River
42%
194 Cahaba River
37%
195 Elk River
21%
198 Conecuh River
16%
No matching quizzes found
Score Distribution
Percent of People with Each Score
Percentile by Number Answered
Your Score History
You have not taken this quiz